| 000 | 00573nam a22001937a 4500 | ||
|---|---|---|---|
| 003 | OSt | ||
| 005 | 20260421081319.0 | ||
| 008 | 260421b |||||||| |||| 00| 0 eng d | ||
| 020 | _a971-08-6221-9. | ||
| 040 |
_aDWCL Main Lib. _cOC |
||
| 082 |
_22nd ed. _a160 B328L 2002 |
||
| 100 | _aBauzon , Prisciliano T. | ||
| 245 |
_aLogic for filipinos/ _cPrisciliano T. Bauzon |
||
| 250 | _a2nd ed. | ||
| 260 |
_aMandaluyong: _bNational Book Store, _cc2002. |
||
| 300 |
_axii, 251 p. : _c22 cm. |
||
| 504 | _aIncludes bibliography. | ||
| 942 |
_2ddc _cBK - FIL _e2nd ed. _hFil. _n0 |
||
| 999 |
_c9603 _d9603 |
||